ARRUPE JESUIT UNIVERSITY

CORONAVIRUS -STOP THE SPREAD - CLEAN,DISINFECT,COVER

Computers, ethics & social values / (Record no. 118044)

MARC details
000 -LEADER
fixed length control field 01059cam a2200277 a 4500
001 - CONTROL NUMBER
control field 3017106
003 - CONTROL NUMBER IDENTIFIER
control field ARRUPE
005 - DATE AND TIME OF LATEST TRANSACTION
control field 20130925143640.0
008 - FIXED-LENGTH DATA ELEMENTS--GENERAL INFORMATION
fixed length control field 941202s1995 nju b 000 0 eng
010 ## - LIBRARY OF CONGRESS CONTROL NUMBER
LC control number 94047307
020 ## - INTERNATIONAL STANDARD BOOK NUMBER
International Standard Book Number 0131031104
040 ## - CATALOGING SOURCE
Original cataloging agency DLC
Transcribing agency DLC
Modifying agency DLC
050 00 - LIBRARY OF CONGRESS CALL NUMBER
Classification number QA76.9.A25
Item number C6665 1995
300 ## - PHYSICAL DESCRIPTION
Dimensions 24 cm.
245 00 - TITLE STATEMENT
Title Computers, ethics & social values /
Statement of responsibility, etc edited by Deborah G.Johnson, Helen Nissenbaum.
246 3# - VARYING FORM OF TITLE
Title proper/short title Computers, ethics, and social values
260 ## - PUBLICATION, DISTRIBUTION, ETC. (IMPRINT)
Place of publication, distribution, etc Englewood Cliffs, N.J. :
Name of publisher, distributor, etc Prentice Hall,
Date of publication, distribution, etc c1995.
300 ## - PHYSICAL DESCRIPTION
Extent vi, 714 p. ;
504 ## - BIBLIOGRAPHY, ETC. NOTE
Bibliography, etc Includes bibliographical references.
650 #0 - SUBJECT ADDED ENTRY--TOPICAL TERM
Topical term or geographic name as entry element Computers and civilization.
9 (RLIN) 1259
650 #0 - SUBJECT ADDED ENTRY--TOPICAL TERM
Topical term or geographic name as entry element Computer security.
9 (RLIN) 1260
700 1# - ADDED ENTRY--PERSONAL NAME
Personal name Johnson, Deborah G.,
Dates associated with a name 1945-
9 (RLIN) 1261
700 1# - ADDED ENTRY--PERSONAL NAME
Personal name Nissenbaum, Helen Fay.
9 (RLIN) 1262
906 ## - LOCAL DATA ELEMENT F, LDF (RLIN)
a 7
b cbc
c orignew
d 1
e ocip
f 19
g y-gencatlg
942 ## - ADDED ENTRY ELEMENTS (KOHA)
Source of classification or shelving scheme Library of Congress Classification
Koha item type Monograph ( Printed materials)
Holdings
Withdrawn status Lost status Source of classification or shelving scheme Damaged status Not for loan Home library Current library Shelving location Date acquired Total Checkouts Full call number Barcode Date last seen Date checked out Price effective from Koha item type
    Library of Congress Classification     ARRUPE LIBRARY ARRUPE LIBRARY Main Collection 25/09/2013 8 QA76.9.A25 C6665 1995 46409778 15/11/2022 18/10/2022 25/09/2013 Monograph ( Printed materials)

 

Arrupe Library. PO Box MP320 Mt Pleasant, Harare, Zimbabwe
263 242 745411|librarian@aju.ac.zw